Die Staatsleitung von Alfārābī : Deutsche Bearbeitung mit einer Einleitung "Über das Wesen der arabischen Philosophie" /

محفوظ في:

المؤلف الرئيسي: Fārābī (مؤلف)

مؤلفون آخرون: Dieterici, Friedrich., Brönnle, Paul, 1867-

التنسيق: كتاب

اللغة: German

منشور في: Leiden : E. J. Brill, 1904.

الموضوعات:

الوسوم: إضافة وسم

لا توجد وسوم, كن أول من يضع وسما على هذه التسجيلة!

رقم الطلب: B753 .F32 G47 1904

LEADER 00941nam a2200265M 4500
001 9861
003 OSt
005 20250916072939.0
008 130303s1904 ne 000 0ager d
040 |c ARCE Library 
050 4 |a B753 .F32 G47 1904 
100 0 |6 880-01  |a Fārābī,  |e author 
245 1 4 |a Die Staatsleitung von Alfārābī :  |b Deutsche Bearbeitung mit einer Einleitung "Über das Wesen der arabischen Philosophie" /  |c Aus dem Nachlasse des geh. regierungsrats dr. F. Dieterici ; hrsg. mit einem Gedenkblatt von Paul Brönnle. 
264 1 |a Leiden :   |b E. J. Brill,   |c 1904. 
300 |a lvi, 91 pages ;  |c 24 cm. 
600 0 0 |a Fārābī. 
650 0 |a Philosophy, Islamic. 
650 0 |a Philosophy, Medieval. 
650 0 |a State, The. 
700 1 |a Dieterici, Friedrich.  |9 29024 
700 1 |a Brönnle, Paul,  |d 1867-  
880 0 |6 100-01/(3/r  |a فارابي.‪‪‪‪‪‪ 
901 |a reviewed 
942 |c BK  |2 lcc 
999 |c 12151  |d 12151